[Event "Olympiad-43"]
[Site "Batumi"]
[Date "2018.10.03"]
[Round "9.2"]
[White "Jacob, Jallah"]
[Black "Toom, Omar"]
[Result "1-0"]
[WhiteElo "1835"]
[BlackElo "1905"]
[PlyCount "91"]
[EventDate "2018.09.24"]
[EventType "team-swiss"]
[EventRounds "11"]
[EventCountry "GEO"]
[SourceTitle "CBM 187"]
[Source "ChessBase"]
[SourceDate "2018.12.11"]
[SourceVersion "1"]
[SourceVersionDate "2018.12.11"]
[SourceQuality "1"]
[WhiteTeam "Liberia"]
[BlackTeam "Palestine"]
[WhiteTeamCountry "LBR"]
[BlackTeamCountry "PLE"]

1. c4 c5 2. Nc3 Nc6 3. g3 g6 4. Bg2 Bg7 5. Nf3 e6 6. 0-0 Nge7 7. d3 0-0 8. Be3 d6 9. Rb1 Nf5 10. Bg5 Qd7 11. Bd2 Rb8 12. a3 a5 13. Nb5 d5 14. cxd5 exd5 15. Bf4 Ra8 16. a4 b6 17. Nd2 Nfe7 18. e4 Ba6 19. exd5 Bxb5 20. axb5 Nb4 21. d6 Ned5 22. Nc4 Ra7 23. Ne5 Qxb5 24. Be4 f5 25. Bf3 a4 26. d4 Nxf4 27. gxf4 Bf6 28. Rc1 Rd8 29. dxc5 bxc5 30. Bc6 Qa5 31. Ra1 Qb6 32. Bxa4 Rxd6 33. Qb3+ Kg7 34. Nc4 Qc7 35. Nxd6 Qxd6 36. Bb5 Rb7 37. Ra8 Qxf4 38. Bc6 Nxc6 39. Qxb7+ Ne7 40. Re1 Kh6 41. Ra3 Bh4 42. Qg2 Nd5 43. Rh3 Nf6 44. Qf3 Qb4 45. Qc3 Qg4+ 46. Qg3 1-0

[Event "Olympiad-43"]
[Site "Batumi"]
[Date "2018.10.01"]
[Round "7.54"]
[White "Smith, Shreyas"]
[Black "Toom, Omar"]
[Result "1-0"]
[WhiteElo "2193"]
[BlackElo "1905"]
[PlyCount "31"]
[EventDate "2018.09.24"]
[EventType "team-swiss"]
[EventRounds "11"]
[EventCountry "GEO"]
[SourceTitle "CBM 187"]
[Source "ChessBase"]
[SourceDate "2018.12.11"]
[SourceVersion "1"]
[SourceVersionDate "2018.12.11"]
[SourceQuality "1"]
[WhiteTeam "Jamaica"]
[BlackTeam "Palestine"]
[WhiteTeamCountry "JAM"]
[BlackTeamCountry "PLE"]

1. e4 c5 2. Nc3 Nc6 3. Nf3 e6 4. d4 cxd4 5. Nxd4 a6 6. Nxc6 bxc6 7. Bd3 Bc5 8. 0-0 Nf6 9. e5 Nd5 10. Ne4 Qb6 11. Qg4 g6 12. c4 Nb4 13. Bb1 a5 14. Qh4 Be7 15. Bg5 Qd8 16. Nf6+ 1-0